<?xml version="1.0" encoding="UTF-8"?>
<record
    xmlns:xsi="http://www.w3.org/2001/XMLSchema-instance"
    xsi:schemaLocation="http://www.loc.gov/MARC21/slim http://www.loc.gov/standards/marcxml/schema/MARC21slim.xsd"
    xmlns="http://www.loc.gov/MARC21/slim">

  <leader>00370    a2200121   4500</leader>
  <controlfield tag="001">ART_24039</controlfield>
  <controlfield tag="005">20260410161933.0</controlfield>
  <controlfield tag="008">260409a                                 </controlfield>
  <datafield tag="245" ind1="1" ind2="0">
    <subfield code="a">Una transici&#xF3;n incompleta.</subfield>
  </datafield>
  <datafield tag="100" ind1="1" ind2=" ">
    <subfield code="a">Heymann, Daniel</subfield>
  </datafield>
  <datafield tag="700" ind1="1" ind2=" ">
    <subfield code="a">Ramos, Adri&#xE1;n</subfield>
  </datafield>
  <datafield tag="773" ind1="0" ind2=" ">
    <subfield code="t">Revista de Econom&#xED;a Pol&#xED;tica de Buenos Aires</subfield>
    <subfield code="g">- A&#xF1;o 4, N&#xBA; 7/8 (nov. 2010)</subfield>
    <subfield code="w">REV23982</subfield>
  </datafield>
  <datafield tag="999" ind1=" " ind2=" ">
    <subfield code="c">28807</subfield>
    <subfield code="d">28807</subfield>
  </datafield>
</record>
